| 000 | 01358nam a22003135a 4500 | ||
|---|---|---|---|
| 005 | 20171104131052.0 | ||
| 008 | 171104s2017 ii a frb 000 0 eng d | ||
| 020 | _a9789352700059 | ||
| 040 |
_aEG-ScBUE _beng _cEG-ScBUE |
||
| 082 | 0 | 4 |
_a615.1076 _bGAR _222 |
| 100 | 1 |
_aGarg, Gobind Rai. _938998 |
|
| 245 | 1 | 0 |
_aReview of pharmacology / _cGobind Rai Garg, Sparsh Gupta. |
| 246 | 3 | 0 | _aPharmacology |
| 250 | _a11th ed. | ||
| 260 |
_aNew Delhi : _bJaypee / The Health Sciences Publisher, _c2017. |
||
| 300 |
_a1 v. (various pagings) : _bill. (some col.) ; _c28 cm. + _e1 DVD-ROM (4 3/4 in.). |
||
| 500 | _aFree interactive DVD-ROM contains live lecture on ANS (duration 3 hours) | ||
| 500 | _aon T. P. "Thoroughly revised and updated edition including latest pattern questions and image-based questions." | ||
| 500 | _aFree online exam support "www.accesspgmee.com" | ||
| 500 | _aon T. P. "Facts and concepts based on latest editions of KDT 7th, Katzung 13th, Goodman Gilman 12th, Harrison 19th and CMDT 2017." | ||
| 504 | _aIncludes bibliographical references. | ||
| 650 | 7 |
_aPharmacology _vExaminations, questions, etc. _2BUEsh _936103 |
|
| 651 | _2BUEsh | ||
| 653 |
_bPPhrm _cNovember2017 _dBestSellers |
||
| 655 |
_vReading book _934232 |
||
| 700 | 1 | _aGupta, Sparsh. | |
| 856 | 4 |
_lFree online exam support : _uwww.accesspgmee.com |
|
| 942 | _2ddc | ||
| 999 |
_c25539 _d25511 |
||